Amirul

Bibliographic Details
Main Author: Fatiqa Oky
Format: Book
Published: Selangor : Pustaka Emas , 2005
Series:Siri kehidupan bermasyarakat
Subjects:

MARC

LEADER 00000cam a2200000 7i4500
001 0000000605
005 20220105103912.0
008 070702
020 |a 9839675133(set) 
020 |a 983967515X 
090 0 0 |a JP   |b MAL (567) 
100 0 |a Fatiqa Oky 
245 1 0 |a Amirul   |c Fatiqa Oky 
260 |a Selangor :   |b Pustaka Emas ,   |c 2005 
440 |a Siri kehidupan bermasyarakat 
500 |a Children age 4-6 years old (yellow) 
650 0 |a Children stories, Malay 
999 |a 0000959356   |b Book   |c Children Collection   |e Cawangan Tangkak 
999 |a 0000959357   |b Book   |c Children Collection   |e Perbadanan Perpustakaan Awam Johor 
999 |a 0000959358   |b Book   |c Children Collection   |e Cawangan Pontian 
999 |a 0000986628   |b Book   |c Children Collection   |e Cawangan Bukit Gambir 
999 |a 0001077074   |b Book   |c Children Collection   |e Cawangan Bandar Penawar